00696nam a2200181Ia 4500001001000000003000500010008004100015010001100056040000900067100002900076245014300105260003400248300002100282502010200303650002900405650003100434710004900465Para_5825CHAP220125s1972 xx 000 0 und d a204309 cCHAP aHerrera Herrera, Bernard aIncidencia y desarrollo de la 'mancha azul' en madera de pino (Pinus montezumae) en pruebas de laboratorio /c por Bernard Herrera Herrera aChapingo, Méx. :b el autor a87 h. + apénd. aTesis (Ing. Agr. Esp. en Parasitología Agrícola) ENA. Departamento Parasitología Agrícola aCeratocystis fagacearum  aPináceas x enfermedades aENA. Departamento Parasitología Agrícola